IBM RISC System a business perspective

Saved in:
Bibliographic Details
Main Author: Hoskins, Jim
Format: Book
Language:English
Published: New York : J. Wiley, c1993
Edition:3rd ed.
Subjects:
Tags: Add Tag
No Tags, Be the first to tag this record!

MARC

LEADER 00000cam a2200000 i 4500
001 1/33583
008 950731s1993 eng d
020 |a 0471580619 ((alk. paper)) 
035 |l 10023961 
040 |a GR-MY-UA  |b gre  |e aacr 
041 0 |a eng 
082 0 |a 004.165 
100 1 |a Hoskins, Jim. 
245 1 0 |a IBM RISC System/6000 :  |b a business perspective /  |c Jim Hoskins 
250 |a 3rd ed. 
260 |a New York :   |b J. Wiley,   |c c1993 
300 |a xx, 346 p.;  |b ill.;  |c 24 cm 
504 |a Περιλαμβάνει ευρετήριο 
650 0 0 |a IBM RISC System/6000 computers. 
650 0 0 |a Business  |x Data processing. 
852 |a INST  |b CHIOS  |e 19950731  |h 004.165 HOS  |p 005200002302  |q 005200002302  |t BK  |y 0 
909 |a Χ  |b 031241